Los bienes comunales (Record no. 25304)

MARC details
000 -LEADER
campo de control de longitud fija 00675nam a2200193 i 4500
001 - NÚMERO DE CONTROL
campo de control 25304
003 - IDENTIFICADOR DE NÚMERO DE CONTROL
campo de control ES-MaACL
005 - FECHA Y HORA DE LA ÚLTIMA TRANSACCIÓN
campo de control 20260113174038.0
007 - CAMPO FIJO DE DESCRIPCIÓN FÍSICA--INFORMACIÓN GENERAL
campo de control de longitud fija t|
008 - DATOS DE LONGITUD FIJA--INFORMACIÓN GENERAL
campo de control de longitud fija 021223s1963 sp ||||1| spa d
100 1# - ENTRADA PRINCIPAL--NOMBRE DE PERSONA
Nombre de persona Aranda Navarro, Jesús.
9 (RLIN) 22290
245 14 - MENCIÓN DEL TÍTULO
Título Los bienes comunales
Resto del título : su concepto y naturaleza jurídica especial /
Mención de responsabilidad, etc. por Jesús Aranda Navarro ; director de la tesis Manuel Francisco Clavero Arevalo.
260 ## - PUBLICACIÓN, DISTRIBUCIÓN, ETC.
Lugar de publicación, distribución, etc. Madrid :
Nombre del editor, distribuidor, etc. [s.n.,
Fecha de publicación, distribución, etc. 1963] (
Fabricante Imp. Rafael Taravilla)
300 ## - DESCRIPCIÓN FÍSICA
Extensión 86 p. ;
Dimensiones 25 cm.
502 ## - NOTA DE TESIS
Nota de tesis Tesis doctoral.
700 1# - ENTRADA AGREGADA--NOMBRE PERSONAL
Nombre de persona Clavero Arévalo, Manuel,
Fechas asociadas al nombre 1926-
9 (RLIN) 39131
852 ## - LOCALIZACIÓN
Ubicación ES-MaACL
Número de control de estantería C-24453
Sublocalización o colección R.53156
Holdings
Estatus retirado Estado de pérdida Estado de daño No para préstamo Biblioteca de origen Biblioteca actual Ubicación en estantería Fecha de adquisición Fuente de adquisición Total de préstamos Signatura topográfica completa Código de barras Visto por última vez Precio de reemplazo Tipo de ítem Koha
        Biblioteca del Ateneo de Madrid Biblioteca del Ateneo de Madrid Depósito 2 17/01/2008     C-24453 1026088 23/02/2023 23/02/2023 Libro impreso